000 00611cam a2200229 a 4500
999 _c8166
_d8166
001 8166
003 BD-JhCC
005 20180709103855.0
008 911218s1957 enka 000 0 eng d
035 _a(BD-JhCC)8166
035 _a1732451
040 _aANL
_cANL
_dBD-JhCC
041 _aeng
082 _bCLA 1957
_a372.86
100 1 _aClarke, Edith R.
245 1 0 _aActivities and games for tropical schools /
_cEdith R. Clarke
260 _aLondon,
_bMacMillan,
_c1957.
300 _a119 p.
_billus.
650 0 _aPhysical education for children
_zAfrica, East.
942 _2ddc
_cBK